000 00297nam a22001337a 4500
008 170920b xxu||||| |||| 00| 0 eng d
020 _a0517531712
041 _aeng
080 _a7
100 _a45
101 _aART
245 _aTUTANKHAMUN THE LAST JOURNEY
_cWILLIAM.M
942 _2udc
_cBK
999 _c28518
_d28518